000 00924nam a2200277 a 4500
008
020 _a9781107150539 (hardback)
040 _aNUST
_cNUST
049 _aMAIN
090 _aQH325
_bFRO
245 1 0 _aFrom Matter to Life:
_b information and causality /
_cedited by Walker Sara Imari, Davies Paul C. W. and Ellis George F. R.
260 _aUnited Kingdom :
_bCambridge University Press,
_c2017
300 _axxii, 494 pages :
_billustrations ;
_c25 cm
336 _atext
_btxt
_2rdacontent
337 _aunmediated
_bn
_2rdamedia
338 _avolume
_bnc
_2rdacarrier
500 _aIncludes index.
650 1 _aInformation abd Casuality.
700 _aEllis, George F. R.
700 _aDavies, Paul C. W.
700 _aWalker, Sara Imari.
907 _a.b10408034
_b11-08-21
_c11-08-21
003
005 20230120204314.0
942 _cBOOKS
_kQH325
_mFRO
999 _c120843
_d120843